|
|
|
|
| LEADER |
00729nam a22002051 4500 |
| 001 |
c000199923 |
| 003 |
CARM |
| 005 |
20021125001900.0 |
| 008 |
851029s1958 fr 1afre d |
| 019 |
1 |
|
|a 4024807
|5 LACONCORD2021
|
| 035 |
|
|
|a (OCoLC)216317915
|5 LACONCORD2021
|
| 100 |
1 |
|
|a Billy, André,
|d 1882-1971.
|
| 245 |
1 |
0 |
|a Che cher Stendhal :
|b recit de sa vie.
|
| 260 |
|
|
|a Paris :
|b Flammarion,
|c 1958.
|
| 440 |
|
0 |
|a Grandes biographies
|
| 600 |
1 |
0 |
|a Stendhal,
|d 1783-1842.
|
| 852 |
8 |
|
|b CARM
|h A2:AN04A0
|i B06348
|p 0296099
|f BK
|
| 082 |
0 |
4 |
|a 843.7
|
| 999 |
f |
f |
|i 42bce13c-883c-56a6-959c-6a51f25307b4
|s 3eb3070c-f1ec-5aa4-82ca-3570b2384777
|
| 952 |
f |
f |
|p Can circulate
|a CAVAL
|b CAVAL
|c CAVAL
|d CARM 1 Store
|e B06348
|f A2:AN04A0
|h Other scheme
|i book
|m 0296099
|